| 000 | 00424 a2200157 4500 | ||
|---|---|---|---|
| 003 | Nust | ||
| 005 | 20230202143433.0 | ||
| 040 | _cNust | ||
| 082 | _a923,NOR | ||
| 100 |
_aJohn North _9108556 |
||
| 245 |
_aThe Alexander Memoirs / _cEdited by John North |
||
| 260 |
_aLondon _bCassel _c1962 |
||
| 300 | _avii:210 pages | ||
| 505 | _aThe Desert (Page-1), Two Defeats (Page-75), Italy (Page-105). | ||
| 942 |
_2ddc _cBK _k923,NOR |
||
| 999 |
_c193971 _d193971 |
||